Oxford College Crests - Statistics

General Stats
  • This quiz has been taken 455 times
  • The average score is 28 of 39
Answer Stats
Picture Answer % Correct
Magdalen
94%
Balliol
89%
Univ
86%
Exeter
84%
Hertford
84%
Jesus
83%
Queen's
83%
Trinity
83%
Christ Church
82%
St John's
82%
Keble
80%
Oriel
80%
Brasenose
79%
St Catherine's
79%
St Hilda's
78%
New
77%
Wadham
77%
Corpus Christi
75%
Lady Margaret Hall
75%
St Hugh's
75%
Worcester
75%
Merton
74%
Lincoln
73%
St Anne's
69%
St Peter's
69%
Pembroke
68%
Green-Templeton
67%
Mansfield
66%
St Cross
66%
St Edmund Hall
66%
All Souls
65%
Kellogg
64%
Somerville
64%
Harris Manchester
57%
Linacre
57%
Wolfson
55%
St Antony's
53%
Nuffield
49%
Reuben
44%
No matching quizzes found
Score Distribution
Percent of People with Each Score
Percentile by Number Answered
Your Score History
You have not taken this quiz